000 00306nam a2200133Ia 4500
008 260604s9999 xx 000 0 und d
020 _a9780143444343
082 _a823.92 MUR
100 _aSudha murty
245 0 _aHere, There and Every Where
260 _bPenguin
500 _aSudha murty
942 _cBK
999 _c8731
_d8731